Movies Quiz

Random Movies or Year Quiz
Score 0/40 Timer 08:00
0 Plays Today
% Correct
Elf
95%
School of Rock
91.7%
Pirates of the Caribbean:
The Curse of the Black Pearl
87.9%
Finding Nemo
86.6%
Kill Bill: Vol. 1
86.4%
The Matrix Reloaded
84.7%
The Cat in the Hat
82.3%
Freaky Friday
79.9%
Hulk
77%
Bruce Almighty
76.9%
The Lord of the Rings:
The Return of the King
75.5%
American Wedding
73.7%
Love Actually
72.1%
Holes
71.8%
Bad Boys II
71.7%
Lost in Translation
65.9%
Anger Management
65.6%
The Last Samurai
62.3%
How to Lose a Guy in 10 Days
61.6%
Monster
59%
% Correct
Johnny English
58.8%
Kangaroo Jack
56.1%
Shanghai Knights
53.1%
The League of
Extraordinary Gentlemen
44.5%
The Italian Job
42%
Daddy Day Care
38.7%
Cold Mountain
38.2%
Just Married
31.8%
Gothika
31.8%
Mystic River
30.7%
S.W.A.T.
29.3%
Stuck on You
29.1%
Gigli
28%
Bringing Down the House
21.3%
Master and Commander:
The Far Side of the World
21.1%
Once Upon a Time in Mexico
20.3%
Intolerable Cruelty
19.5%
Matchstick Men
18.1%
Duplex
13.8%
The Cooler
12.2%

You're not logged in!

Compare scores with friends on all Sporcle quizzes.
OR
Log In

Sporcle TV

Today on Sporcle TV


Watch our educational content, quiz creation guides, and fun videos on Sporcle TV.

Show Comments

Extras

Top Quizzes Today


Score Distribution

Paid Content

Your Account Isn't Verified!

In order to create a playlist on Sporcle, you need to verify the email address you used during registration. Go to your Sporcle Settings to finish the process.

Report this User

Report this user for behavior that violates our Community Guidelines.

Details: